MARC

Tag First Indicator Second Indicator Subfields
LEADER 00000cam a2200000Ia 4500
001 in00002044813
005 20151101054816.0
008 050214r20051984nyu 000 0 eng
010 |a  2005272204 
020 |a 0618509631 (pbk.) 
035 |a (OCoLC)ocm60515202 
040 |a DLC  |c DLC  |d TXA  |d UtOrBLW 
043 |a n-us--- 
049 |a TXAM 
050 0 0 |a PS3573.I26  |b Z464 2005 
082 0 |a 813/.54  |a B  |2 22 
100 1 |a Wideman, John Edgar. 
245 1 0 |a Brothers and keepers /  |c John Edgar Wideman. 
250 |a 1st Mariner Books ed. 
264 1 |a New York :  |b Houghton Mifflin Co.,  |c 2005. 
300 |a 242 pages ;  |c 21 cm. 
336 |a text  |b txt  |2 rdacontent 
337 |a unmediated  |b n  |2 rdamedia 
338 |a volume  |b nc  |2 rdacarrier 
500 |a Originally published: New York : Holt, Rinehart and Winston, c1984. 
500 |a "A Mariner Book." 
600 1 0 |a Wideman, John Edgar  |x Family. 
650 0 |a Authors, American  |y 20th century  |x Family relationships. 
650 0 |a African American authors  |x Family relationships. 
650 0 |a African American criminals  |v Biography. 
650 0 |a Brothers  |z United States  |v Biography. 
600 1 0 |a Wideman, Robert Douglas,  |d 1950- 
948 |a cataloged  |b h  |c 2005/7/8  |d c  |e ceaton  |f 7:48:33 am 
994 |a C0  |b TXA 
999 |a MARS 
999 f f |s 7de1f645-2f4c-3237-b26c-edf2e792a186  |i dda0d1d6-1037-343c-a1b8-c8f80a34b55f  |t 0 
952 f f |p ric  |a Texas A&M University  |b Rellis Campus  |c Joint Library Facility  |d Remote Storage  |t 0  |e PS3573.I26 Z464 2005  |h Library of Congress classification  |i unmediated -- volume  |m A14832772931 
998 f f |a PS3573.I26 Z464 2005  |t 0  |l Remote Storage